000 00708nam a2200205Ia 4500
005 20241129111259.0
008 241129s9999||||xx |||||||||||||| ||und||
037 _aTB
040 _aCRL
_bpun
_cCRL
041 _apun
_2pun
084 _aO153,3N53x Q6;R3
_qCRL
100 _aਪੰਨੂ, ਹਰਪਾਲ ਸਿੰਘ, ਚ।
245 0 _aਜੋਨ ਤੋਂ ਮਲਾਲਾ ਤੱਕ
_cਪੰਨੂ, ਹਰਪਾਲ ਸਿੰਘ, ਚ।
260 _aਪਟਿਆਲਾ, ਭਾਰਤ
_bਗ੍ਰਸ਼ਿਅਸ ਬੁਕਸ
_c2023
300 _a288ਪ੍ਰ0
365 _aINR
_b300
650 _aPunjabi LiteratureFiction
942 _cTB
_hO153,3N53x Q6;R3
999 _c1229721
_d1229721